Riadenie nákladov vo vybranom poľnohospodárskom podniku diplomová práca

Na minha lista:
Detalhes bibliográficos
Autor principal: Gulik, Peter
Autor Corporativo: Fakulta hospodárskej informatiky EU. Katedra účtovníctva a audítorstva
Outros Autores: Antalová, Renáta
Formato: Livro
Idioma:eslovaco
Publicado em: Bratislava 2012
Tags: Adicionar Tag
Sem tags, seja o primeiro a adicionar uma tag!

MARC

LEADER 00000nbm a2200000 4500
001 0154792
005 20161109102145.0
041 0 |a slo 
044 |a SK 
245 1 0 |a Riadenie nákladov vo vybranom poľnohospodárskom podniku  |b diplomová práca  |c Peter Gulik ; školiteľ: Renáta Antalová 
264 1 |a Bratislava  |c 2012 
300 |a 62 s. 
100 1 |a Gulik, Peter 
700 1 |a Antalová, Renáta 
710 2 |a Fakulta hospodárskej informatiky EU. Katedra účtovníctva a audítorstva